logo

Bir Sreshtho Munshi Abdur Rouf Library
Jhenaidah Cadet College

English Collocations in Use: (Record no. 110)

MARC details
000 -LEADER
fixed length control field 00760nam a2200265 a 4500
001 - CONTROL NUMBER
JCCL Control Number 110
003 - CONTROL NUMBER IDENTIFIER
JCCL marc code BD-JhCC
005 - DATE AND TIME OF LATEST TRANSACTION
control field 20170928162226.0
008 - FIXED-LENGTH DATA ELEMENTS--GENERAL INFORMATION
fixed length control field 170928s2005 a|||| ||a| 000 0 eng d
020 ## - INTERNATIONAL STANDARD BOOK NUMBER
International Standard Book Number 0521687233
020 ## - INTERNATIONAL STANDARD BOOK NUMBER
International Standard Book Number 9780521687232
035 ## - SYSTEM CONTROL NUMBER
system control number (BD-JhCC)110
040 ## - CATALOGING SOURCE
Original cataloging agency BD-JhCC
Modifying agency BD-JhCC
041 ## - LANGUAGE CODE
Language code of Book eng
082 ## - DEWEY DECIMAL CLASSIFICATION NUMBER
DDC Edition number 22
Classification number 428.24
Author mark and Year MCC 2010
100 ## - MAIN ENTRY--PERSONAL NAME
Personal name McCarthy, Michael.
245 ## - TITLE STATEMENT
Title English Collocations in Use:
Statement of responsibility, etc Michael McCarthy and Felicity ODell
260 ## - PUBLICATION, DISTRIBUTION, ETC. (IMPRINT)
Place of publication, distribution, etc Cambridge :
Name of publisher, distributor, etc Cambridge University Press,
Date of publication, distribution, etc 2010
300 ## - PHYSICAL DESCRIPTION
Pagination 190p. :
Other physical details ill. ;
Dimensions 26 cm.
504 ## - BIBLIOGRAPHY, ETC. NOTE
Bibliography, etc includes index
650 ## - SUBJECT ADDED ENTRY--TOPICAL TERM
General subdivision English language -- Textbooks for foreign speakers.
700 ## - ADDED ENTRY--PERSONAL NAME
Personal name Odell, Felicity.
942 ## - ADDED ENTRY ELEMENTS (KOHA)
Source of classification or shelving scheme Dewey Decimal Classification
Koha item type Books
Holdings
Source of classification or shelving scheme Damaged status Not for loan Home library Current library Shelving location Total Checkouts Full call number Barcode Date last seen Copy number Koha item type
Dewey Decimal Classification     JCC Rouf Library JCC Rouf Library General Stacks   428.24 MCC 2010 1109 09/28/2017 C-1 Books

JCC Library | Contacts | JCC Home

Last Update on 23 September 2017
Copyright @ 2017-2020 JCC Rouf Library
Rouf Library, Jhenidah Cadet College (JCC), Bangladesh